| 000 | 00695nam a22002174i 4500 | ||
|---|---|---|---|
| 999 |
_c7329 _d7329 |
||
| 003 | OSt | ||
| 005 | 20231011131244.0 | ||
| 008 | 210324e202103 spca||||||||||||| 0|cat|c | ||
| 017 |
_aDL B 7277-2021 _bBiblioteca de Catalunya |
||
| 020 | _a9788498094831 | ||
| 040 |
_aCDMR _bcat _erda _cCDMR |
||
| 245 | 1 | 0 |
_aTot està per dir / _cTomàs Alcoverro _ba cura de Plàcid Garcia-Planas |
| 250 | _aPrimera edició | ||
| 264 | 1 |
_aBarcelona : _bPòrtic, _cgener del 2021 |
|
| 300 |
_a196 pàgines : _c22 cm |
||
| 336 |
_atext _btxt _2rdacontent |
||
| 337 |
_asense mediació _bn _2rdamedia |
||
| 338 |
_avolum _bnc _2rdacarrier |
||
| 650 | 0 |
_aCorresponsals de guerra _93678 _vRelats personals |
|
| 942 |
_2udc _cMON |
||